CCNA 200-301 official cert guide, Volume 1

Detaylı Bibliyografya
Yazar: Wendell Odom
Materyal Türü: Bilinmiyor
LEADER 00162 a2200073 4500
100 |a Wendell Odom 
245 |a CCNA 200-301 official cert guide, Volume 1 
942 |c BK 
999 |c 47668  |d 47668